Đang tải...

Development of nitrifying and photosynthetic sulfur bacteria based bioaugmentation systems for the bioremediation of ammonia and hydrogen sulphide in shrimp culture

Chi tiết về thư mục
Tác giả chính: Manju N.J
Tác giả khác: Bright Singh, I.S; guided by
Định dạng: Ph.D Thesis
Ngôn ngữ:English
Được phát hành: Kochi School of Environmental Studies; Cusat 2007
Những chủ đề:
LEADER 00828nam a22001817a 4500
005 20151026133241.0
008 130215t xxu||||| |||| 00| 0 eng d
080 |a 639.512:579.266  |b MAN T 
100 |a Manju N.J  |9 22916 
245 |a Development of nitrifying and photosynthetic sulfur bacteria based bioaugmentation systems for the bioremediation of ammonia and hydrogen sulphide in shrimp culture  |c Manju N.J; guided by I.S. Bright Singh 
300 |a 180p. 
653 |a Shrimp aquaculture 
653 |a Nitrification in aquaculture 
700 |a Bright Singh, I.S; guided by.  |9 17666 
942 |c TH  |6 _ 
260 |a Kochi  |b School of Environmental Studies; Cusat  |c 2007  |9 20642 
999 |c 66352  |d 66352 
952 |0 0  |1 0  |2 udc  |4 0  |6 639512579266_MANT  |7 1  |9 78667  |a UL  |b UL  |c REF  |d 2013-02-15  |o 639.512:579.266 MAN T  |p T0000504  |r 2013-02-15  |w 2013-02-15  |y TH